000 00536nam a22001937a 4500
003 KOHA_MİRAKIL
005 20251123122646.0
008 251123b tu ||||| |||| 00| 0 tur d
020 _a9786250087756
040 _aTR-AnABB
_btur
_cTR-AnABB
041 _atur
082 _a928
_b928 ISI 2023
100 1 _aIşık, Yüksel,
245 1 0 _aAnadolu'nun hazineleri /
_cYüksel Işık
260 _aAnkara :
_bAnkara Büyükşehir Belediyesi,
_c2023
300 _a294 sayfa ;
_c21 cm
650 0 4 _aBiyografi
942 _2ddc
_cBK
999 _c9549
_d9549
900 _bGizem YORULMAZ